| 000 | 01201nam a2200313 4500 | ||
|---|---|---|---|
| 003 | EC-QuCCB | ||
| 005 | 20260316170754.0 | ||
| 007 | ta | ||
| 008 | 260316s1993 ec ||||gs|||| 001 0 spa d | ||
| 020 | _a9978-77-032-1 | ||
| 040 | _aEC-QuCCB | ||
| 041 | _aspa | ||
| 082 |
_a291.13 _bR918 |
||
| 100 | 1 |
_aRueda, Marco Vinicio, _cSacerdote Jesuita, _d1914-2005 _97243 |
|
| 245 |
_aMitología _cMarco V. Rueda, S.I. |
||
| 260 |
_aQuito, Ecuador : _bPontificia Universidad Católica del Ecuador, _c1993 |
||
| 300 |
_a211 páginas ; _c21 cm |
||
| 336 |
_atexto _btxt |
||
| 337 |
_ano mediado _bn |
||
| 338 |
_avolumen _bnc |
||
| 490 |
_aCuadernos de Antropología ; _vnúmero 1 |
||
| 504 | _6Bibliografía : páginas 205-211 | ||
| 505 | _a¿Qué es el mito? -- El valor del símbolo -- La vivencia del mito -- Hacia la hermenéutica del mito -- Análisis estructural del mito -- Exploración simbólica -- Mitos cosmológicos y cosmogónicos -- Mitos etiológicos -- El campo de lo sagrado -- Índice de los mitos por países | ||
| 590 | _abgg | ||
| 650 | 4 |
_aMitología _914219 |
|
| 650 | 0 |
_aAntropología cultural y social _926918 |
|
| 942 |
_2ddc _cBK |
||
| 999 |
_c83663 _d83663 |
||